000 00492cam a22002054a 4500
005 20250605164254.0
008 250528s ||||||||||||||||||||||||d
035 _a21878
020 _a9780132563710
040 _aGR-AtMCL
_bgre
_dGR-AtMCL
_eAACR2
245 1 _aOBJECT-ORIENTED DESIGN WITH C++
250 _a1
260 _bPrentice Hall,
_c1997
300 _a481
700 1 _aBarclay Ken
_97775
700 1 _aSavage John
_97776
942 _cBK
999 _c6936
_d6936